<?xml version="1.0" encoding="UTF-8"?>
<record
    xmlns:xsi="http://www.w3.org/2001/XMLSchema-instance"
    xsi:schemaLocation="http://www.loc.gov/MARC21/slim http://www.loc.gov/standards/marcxml/schema/MARC21slim.xsd"
    xmlns="http://www.loc.gov/MARC21/slim">

  <leader>     nam a22     7a 4500</leader>
  <datafield tag="999" ind1=" " ind2=" ">
    <subfield code="c">6827</subfield>
    <subfield code="d">6827</subfield>
  </datafield>
  <controlfield tag="003">yeezen</controlfield>
  <controlfield tag="005">20180502112736.0</controlfield>
  <controlfield tag="008">180502b        xxu||||| |||| 00| 0 chi d</controlfield>
  <datafield tag="020" ind1=" " ind2=" ">
    <subfield code="a">978-986-86194-4-9</subfield>
  </datafield>
  <datafield tag="082" ind1=" " ind2=" ">
    <subfield code="a">575.33</subfield>
  </datafield>
  <datafield tag="245" ind1=" " ind2=" ">
    <subfield code="a">&#x9032;&#x64CA;-&#x5433;&#x5FD7;&#x63DA;&#x7684;YUONG BOOK</subfield>
    <subfield code="c">&#x5433;&#x5FD7;&#x63DA;</subfield>
  </datafield>
  <datafield tag="250" ind1=" " ind2=" ">
    <subfield code="a">&#x521D;&#x7248;</subfield>
  </datafield>
  <datafield tag="260" ind1=" " ind2=" ">
    <subfield code="a">&#x65B0;&#x5317;&#x5E02;</subfield>
    <subfield code="b">&#x806F;&#x5408;&#x665A;&#x5831;</subfield>
    <subfield code="c">2018.02</subfield>
  </datafield>
  <datafield tag="942" ind1=" " ind2=" ">
    <subfield code="2">ccl</subfield>
    <subfield code="c">BOOK</subfield>
  </datafield>
  <datafield tag="952" ind1=" " ind2=" ">
    <subfield code="0">0</subfield>
    <subfield code="1">0</subfield>
    <subfield code="2">ccl</subfield>
    <subfield code="4">0</subfield>
    <subfield code="7">0</subfield>
    <subfield code="a">yeezen</subfield>
    <subfield code="b">yeezen</subfield>
    <subfield code="d">2018-05-02</subfield>
    <subfield code="l">1</subfield>
    <subfield code="o">575.33</subfield>
    <subfield code="p">C02404</subfield>
    <subfield code="r">2018-05-21 00:00:00</subfield>
    <subfield code="s">2018-05-15</subfield>
    <subfield code="w">2018-05-02</subfield>
    <subfield code="y">BOOK</subfield>
    <subfield code="z">&#x6458;&#x8981;&#xFF1A;
&#x6709;&#x5473; Culture &#x6700;&#x68D2;&#x7684;&#x6587;&#x5316; &#x5C31;&#x8A72;&#x7F8E;&#x597D;&#x5B83;&#x539F;&#x4F86;&#x7684;&#x5730;&#x65B9;  &#x73A9;&#x8F49; Travel &#x73A9;&#x8F49;&#x6843;&#x5712; &#x6211;&#x8981;&#x5411;&#x5927;&#x5BB6;&#x4ECB;&#x7D39;&#x6843;&#x5712;&#x4E4B;&#x7F8E;  &#x4E0B;&#x4E00;&#x4EE3; Education &#x6559;&#x80B2;&#x662F; &#x57F9;&#x990A;&#x5E36;&#x8457;&#x8D70;&#x7684;&#x80FD;&#x529B; &#x548C;&#x7D66;&#x4E88;&#x524D;&#x9032;&#x7684;&#x52D5;&#x529B;  &#x52C1;&#x60C5; Sports &#x904B;&#x52D5;&#x7D2E;&#x6839; &#x53F0;&#x7063;&#x904B;&#x52D5;&#x9700;&#x8981;&#x6DF1;&#x8015;&#x8A08;&#x756B;  &#x5F15;&#x64CE; Taoyuan Aerotropolis &#x6211;&#x8981;&#x6843;&#x5712;&#x6210;&#x70BA; &#x771F;&#x6B63;&#x7684;&#x6A5F;&#x5834;&#x57CE;&#x5E02;  &#x8108;&#x52D5; Mass Rapid Transit &#x591A;&#x5143;&#x904B;&#x8F38;&#x7DB2;&#x7D61; &#x6843;&#x5712;&#x9032;&#x5165;&#x4EA4;&#x901A;&#x65B0;&#x7D00;&#x5143;  &#x65B0;&#x8C8C; Urban planning &#x7834;&#x7E6D;&#xFF01;&#x6843;&#x5712;&#x5C55;&#x7FC5;  &#x6301;&#x5BB6; Finance &#x570B;&#x5BB6;&#x8CA1;&#x653F; &#x958B;&#x6E90;&#x7BC0;&#x6D41; &#x62DB;&#x5546;&#x5F15;&#x8CC7; &#x6C11;&#x8102;&#x6C11;&#x818F; &#x7576;&#x7528;&#x5247;&#x7528; &#x4E0D;&#x80FD;&#x6557;&#x5BB6;  &#x6C34;&#x7F8E; Water Control &#x6CBB;&#x6C34;&#x4E0D;&#x8A0E;&#x597D;&#xFF0C;&#x9084;&#x8981;&#x82B1;&#x9322; &#x4F46;&#x6211;&#x5805;&#x6301;&#x4F5C;&#x5C0D;&#x7684;&#x4E8B;&#xFF01;  &#x9957;&#x7DA0; Environmental Protection &#x53D6;&#x7DE0;&#x5DE5;&#x5EE0;&#x5077;&#x6392;&#x53CA;&#x6C61;&#x67D3;&#x6E90; &#x96F7;&#x53B2;&#x98A8;&#x884C;&#x91CD;&#x73FE;&#x6843;&#x5712;&#x65B0;&#x98A8;&#x8C8C;  &#x98DF;&#x5728; Food Safety &#x98DF;&#x5B89;&#x554F;&#x984C; &#x5C31;&#x662F;&#x570B;&#x5B89;&#x5371;&#x6A5F;  &#x5E73;&#x5B89; Public Security &#x79FB;&#x5C45;&#x6843;&#x5712; &#x5B9C;&#x5C45;&#x57CE;&#x5E02;&#x8B93;&#x4EBA;&#x597D;&#x5B89;&#x5FC3;  &#x5B89;&#x5EB7; Social Welfare &#x7DE8;&#x7E54;&#x5BC6;&#x5BE6;&#x793E;&#x6703;&#x798F;&#x5229;&#x7DB2; &#x5E78;&#x798F;&#x57CE;&#x5E02; &#x5C31;&#x5728;&#x6843;&#x5712;</subfield>
  </datafield>
</record>
